000 00452nam a2200169 i 4500
001 bg
100 1 _aBANASZKIEWICZ, Stanisław
245 0 _aAnaliza związków organicznych /
_cStanisław Banaszkiewicz, Roman Kukułka, Maria Manek.
260 _aKielce,
_c1978.
700 1 _aKUKUŁKA, Roman
700 1 _aMANEK, Maria
040 _cBPK
041 _apol
080 _a547:543](075.8)
942 _cKS
008 s pl f |000 0 pol
999 _c9664
_d9664
856 _uhttp://koha.tu.koszalin.pl/cgi-bin/koha/opac-detail.pl?biblionumber=9664
_yKatalog online BPK